Feet
Salvato in:
| Autore principale: | |
|---|---|
| Natura: | Libro |
| Lingua: | lingua imprecisata |
| Pubblicazione: |
Roma
Castelvecchi
1998
|
| Tags: |
Nessun Tag, puoi essere il primo ad aggiungerne!!
|
MARC
| LEADER | 00000nam a2200000Ia 4500 | ||
|---|---|---|---|
| 001 | 168 | ||
| 003 | NUMERAZIONE-ORIGINALE-BRESCIA | ||
| 005 | 20260206230749.0 | ||
| 008 | 260206s9999 xx 000 0 und d | ||
| 100 | |a Schimperna Susanna | ||
| 245 | 0 | |a Feet | |
| 260 | |a Roma | ||
| 260 | |b Castelvecchi | ||
| 260 | |c 1998 | ||
| 500 | |a Contatti | ||
| 500 | |a L'ossessione erotica per i piedi | ||
| 942 | |2 ddc |c BK |n 0 | ||
| 952 | |0 0 |1 0 |2 ddc |4 0 |6 14 |7 0 |9 28364 |a BS |b BS |d 2026-02-06 |i 168 |l 0 |o 1-4-* |r 2026-02-06 22:40:33 |w 2026-02-06 |x [REVISIONARE] |y BK | ||
| 999 | |c 24049 |d 24049 | ||